000 00694nam a2200193 i 4500
001 185140
003 ES-MaACL
005 20250903084345.0
008 160328s1905 fr b |||| | fre d
110 2 _aLibrairie Militaire Henri Charles-Lavauzelle.
_9159221
245 1 0 _aCatalogue général [de la] Librairie Militaire Henri Charles-Lavauzelle.
260 _aParis :
_bHenri Charles-Lavauzelle,
_c1905.
300 _a188 p. :
_bil. ;
_c23 cm.
650 4 _aCatálogos de editores-
_zFrancia
_912068
650 7 _aCatálogos de editores-
_yS.XX
_2
_9169795
650 4 _aArte y ciencia militar-
_vBibliografías.
_9168342
852 _aES-MaACL
_j1517-F-9
999 _c185140
_d185140